|
|
|
|
| LEADER |
00000nab a2200000 a 4500 |
| 001 |
vtls009968086 |
| 003 |
SK-MaSNL |
| 005 |
20260304164930.0 |
| 008 |
250507c2008 xo ||||||||||||00 b|slo |
| 015 |
|
|
|a SNBRB2009/11
|2 snkbucl
|
| 035 |
|
|
|a (uuid)a979b307-b527-4303-a764-37ce99e889df
|
| 035 |
|
|
|a urn:nbn:sk:snk-ab154y
|
| 035 |
|
|
|a (urnnbn)urn:nbn:sk:snk:ar-a051m3
|
| 038 |
|
|
|a SNKBUCL
|
| 040 |
|
|
|a SNKBUCL
|b slo
|c SNKBUCL
|e AACR2
|
| 041 |
0 |
|
|a slo
|b eng
|b slo
|
| 044 |
|
|
|a xo
|c SK
|
| 080 |
|
|
|a 581.526.42
|x (437.6)
|2 1997
|
| 080 |
|
|
|a 581.55
|x (437.6)
|2 1997
|
| 080 |
|
|
|a 630*18
|x (437.6)
|2 1997
|
| 100 |
1 |
|
|a Babicová, Daniela
|4 aut
|9 780280
|
| 245 |
1 |
0 |
|a Fytocenologické a ekologické zhodnotenie podhorských lužných lesov na potoku Bojnianka v Považskom Inovci
|c Daniela Babicová ... [et al.]
|
| 300 |
|
|
|b Tab.
|
| 504 |
|
|
|a Bibliogr. odkazy
|
| 546 |
|
|
|a Res. angl., slov.
|
| 610 |
2 |
7 |
|a NATURA 2000 (sústava chránených území)
|2 snkbucl
|9 94538
|
| 650 |
0 |
7 |
|a rastlinné spoločenstvá
|2 snkbucl
|9 29333
|
| 650 |
0 |
7 |
|a lužné lesy
|2 snkbucl
|9 85386
|
| 651 |
|
7 |
|a Považský Inovec (Slovensko : pohorie)
|2 snkbucl
|9 69649
|
| 773 |
0 |
|
|t Phytopedon : journal of soil science
|g Vol. 7, [no.] 1-2 (2008), s. 45-50
|x 1336-1120
|
| 850 |
|
|
|a Slovenská národná knižnica
|
| 852 |
|
|
|a Slovenská národná knižnica
|
| 954 |
|
|
|a odborná, vedecká literatúra pôvodná (slovenská)
|2 lita
|
| 958 |
|
|
|a article27
|
| 958 |
|
|
|a NB
|
| 958 |
|
|
|a SK
|
| 958 |
|
|
|a OND
|
| 958 |
|
|
|a EUIPO
|
| 999 |
|
|
|c 2982113
|d 2984043
|